000 00580nam a22002057a 4500
003 OSt
005 20150525183930.0
008 150525b xxu||||| |||| 00| 0 eng d
020 _a0632019131
040 _cDNLM
082 _aWF 100 C115e 1988
100 _aCade J F
_94904
245 _aEssentials of Respiratory Medicine /
_cJ F Cade & M C F Pain
260 _aOxford:
_bBlackwell Scientific Publications;
_c1988.
300 _av, 185 p :
_bill;
_c27 cm.
504 _aIncludes index
650 _aRespiratory Medicine
_94905
700 _aPain M C F
_94906
942 _2z
_cSLOAN
999 _c1867
_d1867